[Event "69th ch-RUS 2016"]
[Site "Novosibirsk RUS"]
[Date "2016.10.16"]
[Round "1.1"]
[White "Svidler, Peter"]
[Black "Inarkiev, Ernesto"]
[Result "1-0"]
[WhiteTitle "GM"]
[BlackTitle "GM"]
[WhiteElo "2745"]
[BlackElo "2732"]
[WhiteFideId "4102142"]
[BlackFideId "4162722"]
[EventDate "2016.10.16"]

1. e4 e5 2. Nf3 Nc6 3. Bb5 Nf6 4. d3 Bc5 5. c3 d5 6. exd5 Qxd5 7. Bc4 Qd6 8. Qe2
O-O 9. Nbd2 a5 10. Ng5 Qe7 11. Nde4 Bd6 12. a4 h6 13. h4 Nd8 14. Qf3 Ng4 15. Qe2
Kh8 16. f3 Nf6 17. Nxf6 Qxf6 18. g4 Ne6 19. Qe4 Nxg5 20. hxg5 Qe7 21. Bd2 Be6
22. O-O-O c6 23. g6 fxg6 24. Qxg6 Rf6 25. Qe4 Qf7 26. g5 Rf5 27. g6 Qxg6 28.
Rdg1 Qf6 29. Rxg7 Kxg7 30. Rxh6 Qxh6 31. Bxh6+ Kxh6 32. Qh4+ Kg7 33. Bxe6 Rf6
34. Bc4 Re8 35. Kb1 Re7 36. Ka2 Rg6 37. d4 Rh6 38. Qe4 exd4 39. Qxd4+ Rf6 40.
Qg4+ Rg6 41. Qf5 Bc7 42. Bd3 Rg3 43. f4 Rf7 44. Qh7+ Kf8 45. Qh6+ Rgg7 46. Bc4
Bxf4 47. Qe6 Rc7 48. Qf6+ Rgf7 49. Bxf7 Rxf7 50. Qd8+ Kg7 51. Qxa5 Kf6 52. Qd8+
Ke6 53. Qe8+ Re7 54. Qg6+ Ke5 55. b4 Be3 56. Kb3 Ba7 57. a5 Be3 58. c4 Rd7 59.
Qe8+ 1-0

[Event "69th ch-RUS 2016"]
[Site "Novosibirsk RUS"]
[Date "2016.10.16"]
[Round "1.2"]
[White "Fedoseev, Vladimir3"]
[Black "Vitiugov, Nikita"]
[Result "1-0"]
[WhiteTitle "GM"]
[BlackTitle "GM"]
[WhiteElo "2665"]
[BlackElo "2721"]
[WhiteFideId "24130737"]
[BlackFideId "4152956"]
[EventDate "2016.10.16"]

1. e4 c6 2. d4 d5 3. e5 Bf5 4. Nf3 e6 5. Be2 Nd7 6. O-O Bg6 7. c3 Nh6 8. a4 Nf5
9. a5 a6 10. b4 Be7 11. Bf4 h6 12. h3 Bh7 13. Bh2 g5 14. Nbd2 h5 15. Ne1 Bg6 16.
Nd3 Kf8 17. Re1 Kg7 18. Nf1 Rc8 19. Ra2 Qg8 20. f4 Qh7 21. fxg5 Bxg5 22. Bf4 Be7
23. Rb2 Kf8 24. Kh2 Rc7 25. Nf2 Rc8 26. Nd2 Nh4 27. g3 Nf5 28. h4 Qg8 29. Nf3
Ke8 30. c4 dxc4 31. Bxc4 Nh6 32. Nd3 Bf5 33. Nc5 Rc7 34. Ng5 Ng4+ 35. Kg1 Qg6
36. Bf1 Kf8 37. Bg2 Kg7 38. Nge4 Nxc5 39. bxc5 Rd7 40. Nd6 Bxd6 41. cxd6 f6 42.
Qd2 Kh7 43. Qc3 Rf8 44. Qb3 Rff7 45. Rbe2 Rf8 46. Rd2 Kh8 47. Bf1 fxe5 48. dxe5
Be4 49. Bg2 Bxg2 50. Rxg2 Kh7 51. Qc4 Rf5 52. Rd2 Kg8 53. Ree2 Qf7 54. Rd4 Kh7
55. Qb3 Qg6 56. Rb4 Qf7 57. Kg2 Kg8 58. Rbe4 Kh7 59. Kf1 Kg8 60. Ke1 Kh7 61. Kd2
Qg6 62. Kc1 Qf7 63. Kc2 Qg6 64. Qd3 Kg7 65. Qd4 Kg8 66. Kb3 Qf7 67. Ka4 Qg6 68.
Qc4 Kh7 69. Qb3 Qe8 70. Ka3 Qf7 71. Ka2 Qg6 72. Rb4 Qf7 73. Qc4 Kg6 74. Rb3 Kh7
75. Qd4 Kg6 76. Reb2 Qg7 77. Re2 Qf7 78. Qe4 Kh7 79. Reb2 Kg6 80. Qb1 Qe8 81.
Rxb7 Qd8 82. R7b6 Kf7 83. Qe4 1-0

[Event "69th ch-RUS 2016"]
[Site "Novosibirsk RUS"]
[Date "2016.10.16"]
[Round "1.3"]
[White "Tomashevsky, Evgeny"]
[Black "Oparin, Grigoriy"]
[Result "1/2-1/2"]
[WhiteTitle "GM"]
[BlackTitle "GM"]
[WhiteElo "2724"]
[BlackElo "2617"]
[WhiteFideId "4147235"]
[BlackFideId "24125890"]
[EventDate "2016.10.16"]

1. d4 Nf6 2. c4 e6 3. Nf3 d5 4. Nc3 Be7 5. Bf4 O-O 6. e3 Nbd7 7. Be2 dxc4 8. O-O
Nd5 9. Bxc4 Nxf4 10. exf4 c5 11. dxc5 Qc7 12. g3 Nxc5 13. Rc1 Qb6 14. Qe2 Bd7
15. Ne5 Bf6 16. f5 Bxe5 17. Qxe5 Bc6 18. fxe6 Nxe6 19. Bxe6 Rae8 20. Nd5 Bxd5
21. Qxd5 Rxe6 22. Rc2 Rd8 23. Qf3 g6 24. Rfc1 Rf6 25. Qe4 Re6 26. Qf3 Rf6 27.
Qe4 Re6 28. Qf3 1/2-1/2

[Event "69th ch-RUS 2016"]
[Site "Novosibirsk RUS"]
[Date "2016.10.16"]
[Round "1.4"]
[White "Riazantsev, Alexander"]
[Black "Bocharov, Dmitry"]
[Result "1-0"]
[WhiteTitle "GM"]
[BlackTitle "GM"]
[WhiteElo "2651"]
[BlackElo "2611"]
[WhiteFideId "4125029"]
[BlackFideId "4138716"]
[EventDate "2016.10.16"]

1. d4 Nf6 2. c4 e6 3. Nc3 Bb4 4. e3 O-O 5. Bd3 d5 6. Nf3 c5 7. cxd5 exd5 8. dxc5
Bxc5 9. O-O Nc6 10. h3 a6 11. b3 d4 12. exd4 Nxd4 13. Bb2 Ne6 14. Ne4 Be7 15.
Qc2 Nd5 16. Nc3 Nf6 17. Rad1 Qa5 18. Rfe1 Rd8 19. Re5 b5 20. Nd5 Nxd5 21. Bxh7+
Kf8 22. Rexd5 Rxd5 23. Rxd5 Bb7 24. Rf5 Rc8 25. Rxf7+ Kxf7 26. Qg6+ Kf8 27. Qxe6
Bf6 28. Bg6 1-0

[Event "69th ch-RUS 2016"]
[Site "Novosibirsk RUS"]
[Date "2016.10.16"]
[Round "1.5"]
[White "Kokarev, Dmitry"]
[Black "Jakovenko, Dmitry"]
[Result "1/2-1/2"]
[WhiteTitle "GM"]
[BlackTitle "GM"]
[WhiteElo "2636"]
[BlackElo "2714"]
[WhiteFideId "4132181"]
[BlackFideId "4122356"]
[EventDate "2016.10.16"]

1. e4 e5 2. Nf3 Nc6 3. Bb5 Nf6 4. O-O Nxe4 5. d4 Nd6 6. Bxc6 dxc6 7. dxe5 Nf5 8.
Qxd8+ Kxd8 9. h3 Ke8 10. Nc3 h5 11. Bf4 Be7 12. Rad1 Bd7 13. Ng5 Nh4 14. Nge4
Rd8 15. Rfe1 Bf5 16. e6 Bxe6 17. Bxc7 Rxd1 18. Rxd1 Rh6 19. Nd6+ Bxd6 20. Bxd6
Rg6 21. Bg3 Nf5 22. Bb8 a6 23. b3 Nh4 24. Bg3 Nf5 25. Bc7 Nh4 26. g3 Bf5 27. Ne2
Nf3+ 28. Kg2 Nh4+ 29. Kh2 Nf3+ 30. Kg2 Nh4+ 31. Kh2 Nf3+ 1/2-1/2

[Event "69th ch-RUS 2016"]
[Site "Novosibirsk RUS"]
[Date "2016.10.16"]
[Round "1.6"]
[White "Goganov, Aleksey"]
[Black "Grischuk, Alexander"]
[Result "1/2-1/2"]
[WhiteTitle "GM"]
[BlackTitle "GM"]
[WhiteElo "2635"]
[BlackElo "2752"]
[WhiteFideId "24109959"]
[BlackFideId "4126025"]
[EventDate "2016.10.16"]

1. d4 f5 2. Nf3 Nf6 3. c4 e6 4. e3 b6 5. Bd3 Be7 6. O-O O-O 7. b3 Bb7 8. Bb2 Ne4
9. Nfd2 Na6 10. f3 Nd6 11. Nc3 Bf6 12. Ne2 c5 13. a3 Qe7 14. Qb1 Rae8 15. b4 e5
16. dxc5 bxc5 17. b5 Nc7 18. Ng3 g6 19. Qc2 h5 20. Be2 Bg7 21. Nh1 g5 22. h3 Ne6
23. Nf2 g4 24. fxg4 hxg4 25. hxg4 f4 26. e4 Ng5 27. Bf3 Rf6 28. Nh3 Ndf7 29.
Nxg5 Nxg5 30. Kf2 Rg6 31. Rh1 Nh7 32. a4 Nf6 33. Ra3 Nxg4+ 34. Bxg4 Rxg4 35.
Rah3 Qg5 36. R1h2 Re6 37. Qd3 Qe7 38. Nf3 d6 39. Nh4 Rf6 40. Nf3 Qe8 41. Qe2 Rg3
42. Kg1 Qg6 43. Rxg3 Qxg3 44. Rh3 Qg6 45. Nd2 f3 46. Rxf3 Rxf3 47. Qxf3 Bh6 48.
Bc3 Bxd2 49. Bxd2 Bxe4 1/2-1/2

[Event "69th ch-RUS 2016"]
[Site "Novosibirsk RUS"]
[Date "2016.10.17"]
[Round "2.1"]
[White "Inarkiev, Ernesto"]
[Black "Grischuk, Alexander"]
[Result "1/2-1/2"]
[WhiteTitle "GM"]
[BlackTitle "GM"]
[WhiteElo "2732"]
[BlackElo "2752"]
[WhiteFideId "4162722"]
[BlackFideId "4126025"]
[EventDate "2016.10.16"]

1. Nf3 c5 2. c4 Nf6 3. d4 cxd4 4. Nxd4 e6 5. Nc3 d5 6. e3 dxc4 7. Bxc4 a6 8. a4
Bd6 9. b3 O-O 10. O-O Bd7 11. Ba3 Bxa3 12. Rxa3 Nc6 13. Nxc6 Bxc6 14. Qxd8 Rfxd8
15. Raa1 Rd2 16. Rad1 Rad8 17. f3 Kf8 18. Rxd2 Rxd2 19. Rf2 Rd8 20. Rc2 Nd7 21.
Kf2 Ne5 22. Be2 Nd3+ 23. Bxd3 Rxd3 24. Ke2 Rd8 25. e4 f5 26. Ke3 g5 27. Na2 Ke7
28. Nb4 Bd7 29. Nd3 Bc6 30. Nb4 Bd7 31. Nd3 Bc6 32. Rc5 fxe4 33. fxe4 h6 34. Ne5
Be8 35. Nd3 Bc6 36. Nb4 Kd6 37. Nxc6 bxc6 38. b4 Rb8 39. Rc4 e5 40. h3 h5 41.
Ke2 Rb7 42. Ke3 1/2-1/2

[Event "69th ch-RUS 2016"]
[Site "Novosibirsk RUS"]
[Date "2016.10.17"]
[Round "2.2"]
[White "Jakovenko, Dmitry"]
[Black "Goganov, Aleksey"]
[Result "0-1"]
[WhiteTitle "GM"]
[BlackTitle "GM"]
[WhiteElo "2714"]
[BlackElo "2635"]
[WhiteFideId "4122356"]
[BlackFideId "24109959"]
[EventDate "2016.10.16"]

1. c4 c6 2. Nf3 d5 3. g3 Nf6 4. Bg2 Bf5 5. O-O e6 6. cxd5 exd5 7. d3 Na6 8. a3
Be7 9. b4 Nc7 10. Nd4 Bg6 11. Nb3 Ne6 12. Nc3 O-O 13. Bb2 Nd7 14. Rc1 Nb6 15.
Na5 Rb8 16. e4 dxe4 17. dxe4 Qxd1 18. Rfxd1 f6 19. Ne2 Bh5 20. Nd4 Nxd4 21. Rxd4
Bf7 22. Rdd1 Rfe8 23. Bd4 Bf8 24. Be3 g5 25. f3 Be6 26. Kf2 Re7 27. Bc5 Rf7 28.
Bxf8 Rbxf8 29. Rd6 Bc8 30. f4 gxf4 31. gxf4 Na8 32. Bf3 Re7 33. Rg1+ Kh8 34.
Rgd1 Nb6 35. h4 Na4 36. Rc1 Rg7 37. f5 Nb6 38. Rcd1 Rc7 39. h5 h6 40. Rd8 Rxd8
41. Rxd8+ Kg7 42. Rd1 c5 43. Rc1 Nd7 44. Be2 b6 45. Nb3 Bb7 46. Ke3 Rc8 47. Bb5
Bc6 48. Bc4 Ba4 49. Be6 Bxb3 50. Bxd7 Rc7 51. Bb5 Bf7 52. Be2 Kf8 53. Kf4 c4 54.
a4 a5 55. bxa5 bxa5 56. Ke3 c3 57. Bd1 Be8 58. Kd4 c2 59. Be2 Bxa4 60. Bd3 Bb3 0-1

[Event "69th ch-RUS 2016"]
[Site "Novosibirsk RUS"]
[Date "2016.10.17"]
[Round "2.3"]
[White "Bocharov, Dmitry"]
[Black "Kokarev, Dmitry"]
[Result "1/2-1/2"]
[WhiteTitle "GM"]
[BlackTitle "GM"]
[WhiteElo "2611"]
[BlackElo "2636"]
[WhiteFideId "4138716"]
[BlackFideId "4132181"]
[EventDate "2016.10.16"]

1. d4 Nf6 2. Bg5 Ne4 3. Bf4 c5 4. f3 Qa5+ 5. c3 Nf6 6. d5 e6 7. e4 exd5 8. exd5
d6 9. Qd2 Be7 10. c4 Qxd2+ 11. Nxd2 Na6 12. O-O-O Nh5 13. Be3 f5 14. Ne2 O-O 15.
Nc3 Bd7 16. g3 Bf6 17. Nb5 Be7 18. Bf2 Nf6 19. Nb1 Bxb5 20. cxb5 Nc7 21. Nc3 Nd7
22. Bd3 Bf6 23. Kc2 Nb6 24. Rhe1 g6 25. Bf1 Rfe8 26. Rxe8+ Nxe8 27. g4 fxg4 28.
fxg4 Be5 29. h4 Nf6 30. g5 Nh5 31. Ne4 Rf8 32. b3 Kg7 33. a4 Nf4 34. Bc4 Ng2 35.
Rd2 Rf4 36. Re2 Rf5 37. a5 Nxc4 38. bxc4 Nf4 39. Re1 Nh5 40. Be3 Ng3 41. Nf2 Rf3
42. Nd3 Nf5 43. Nxe5 Rxe3 44. Rxe3 Nxe3+ 45. Kd3 Nxd5 46. Nd7 Nb4+ 47. Ke4 Kf7
48. Nf6 h6 49. Nd5 hxg5 50. hxg5 Nxd5 51. cxd5 b6 52. a6 Ke7 1/2-1/2

[Event "69th ch-RUS 2016"]
[Site "Novosibirsk RUS"]
[Date "2016.10.17"]
[Round "2.4"]
[White "Oparin, Grigoriy"]
[Black "Riazantsev, Alexander"]
[Result "1/2-1/2"]
[WhiteTitle "GM"]
[BlackTitle "GM"]
[WhiteElo "2617"]
[BlackElo "2651"]
[WhiteFideId "24125890"]
[BlackFideId "4125029"]
[EventDate "2016.10.16"]

1. e4 e6 2. d4 d5 3. Nc3 Bb4 4. e5 Ne7 5. a3 Bxc3+ 6. bxc3 c5 7. Nf3 Nbc6 8. Be2
Qa5 9. Bd2 Bd7 10. O-O c4 11. Re1 Qa4 12. Ng5 h6 13. Nh3 Ng6 14. Bh5 O-O-O 15.
g3 Kb8 16. Kg2 Ka8 17. Ng1 Rdf8 18. h4 Nge7 19. Nh3 f6 20. exf6 Rxf6 21. Bf4 Be8
22. Bxe8 Rxe8 23. Qd2 Ng6 24. h5 Nh8 25. Re3 Nf7 26. Qe2 Ncd8 27. g4 g6 28. hxg6
Rxg6 29. Bg3 Ng5 30. Nf4 Rf6 31. Nh5 Rf7 32. f3 Rg8 33. Be5 Nc6 34. Bf4 Rgf8 35.
Bd6 Rd8 36. Bf4 Rdf8 37. Bd6 Rd8 38. Bf4 1/2-1/2

[Event "69th ch-RUS 2016"]
[Site "Novosibirsk RUS"]
[Date "2016.10.17"]
[Round "2.5"]
[White "Vitiugov, Nikita"]
[Black "Tomashevsky, Evgeny"]
[Result "1/2-1/2"]
[WhiteTitle "GM"]
[BlackTitle "GM"]
[WhiteElo "2721"]
[BlackElo "2724"]
[WhiteFideId "4152956"]
[BlackFideId "4147235"]
[EventDate "2016.10.16"]

1. d4 Nf6 2. c4 e6 3. Nf3 b6 4. g3 Bb7 5. Bg2 Be7 6. O-O O-O 7. Nc3 Ne4 8. Bd2
Bf6 9. Ne5 Nxc3 10. Bxc3 Bxg2 11. Kxg2 c5 12. dxc5 bxc5 13. Qd6 Qb6 14. Rfd1
Qxd6 15. Rxd6 Be7 16. Rd2 d6 17. Nd3 a5 18. e4 Nd7 19. a4 Rfb8 20. Ne1 Rb3 21.
Nc2 Bf6 22. Rxd6 Bxc3 23. bxc3 Rxc3 24. Rxd7 Rxc2 25. Rb1 g6 26. Rbb7 Rf8 27.
Rb5 Rxc4 28. Rxa5 Rxe4 29. Rc7 Rc4 30. Raa7 Rc2 31. Rc6 c4 32. Rac7 Rd8 33. Rxc4
Rxc4 34. Rxc4 Rd3 35. h4 Ra3 36. Kf1 Ra2 37. Kg2 Ra3 38. Kf1 Ra2 39. Kg2 Ra3 40.
Kf1 Ra2 1/2-1/2

[Event "69th ch-RUS 2016"]
[Site "Novosibirsk RUS"]
[Date "2016.10.17"]
[Round "2.6"]
[White "Svidler, Peter"]
[Black "Fedoseev, Vladimir3"]
[Result "1/2-1/2"]
[WhiteTitle "GM"]
[BlackTitle "GM"]
[WhiteElo "2745"]
[BlackElo "2665"]
[WhiteFideId "4102142"]
[BlackFideId "24130737"]
[EventDate "2016.10.16"]

1. d4 Nf6 2. Nf3 e6 3. c4 a6 4. Nc3 d5 5. cxd5 exd5 6. Bf4 Bd6 7. Bxd6 Qxd6 8.
Qc2 Bg4 9. Ne5 Be6 10. e3 O-O 11. Nf3 Bg4 12. Nh4 c5 13. dxc5 Qxc5 14. h3 Be6
15. Nf3 Nc6 16. Bd3 d4 17. exd4 Nxd4 18. Nxd4 Qxd4 19. O-O Rac8 20. Rad1 Qb4 21.
a3 Qb6 22. Qb1 Rfd8 23. Ne4 Nxe4 24. Bxe4 g6 25. b4 Qc7 26. Rxd8+ Rxd8 27. Rd1
Rxd1+ 28. Qxd1 b6 29. Qd2 a5 30. Bf3 axb4 31. axb4 Kg7 32. Qd4+ Kg8 33. Qd2 Kg7
34. Qd4+ Kg8 35. Qd2 Kg7 1/2-1/2

[Event "69th ch-RUS 2016"]
[Site "Novosibirsk RUS"]
[Date "2016.10.18"]
[Round "3.1"]
[White "Fedoseev, Vladimir3"]
[Black "Inarkiev, Ernesto"]
[Result "1/2-1/2"]
[WhiteTitle "GM"]
[BlackTitle "GM"]
[WhiteElo "2665"]
[BlackElo "2732"]
[WhiteFideId "24130737"]
[BlackFideId "4162722"]
[EventDate "2016.10.16"]

1. e4 e5 2. Nf3 Nc6 3. Bc4 Bc5 4. c3 Nf6 5. d3 a6 6. a4 d6 7. O-O h6 8. b4 Ba7
9. Be3 O-O 10. Bxa7 Rxa7 11. Nbd2 Ne7 12. Re1 Ng6 13. d4 Ra8 14. a5 Re8 15. Bf1
Nh7 16. g3 Ng5 17. Nxg5 Qxg5 18. Bg2 Bg4 19. h4 Bxd1 20. hxg5 Bg4 21. gxh6 gxh6
22. dxe5 dxe5 23. Nc4 h5 24. Ne3 Kg7 25. Nxg4 hxg4 26. Bf1 Kf6 27. Rad1 Re7 28.
Be2 Kg5 29. Rd5 Nf8 30. Red1 Nh7 31. Rd7 Rae8 32. Rxe7 Rxe7 33. Kf1 Nf6 34. Bd3
Rd7 35. Ke2 c6 36. Ke3 Rd8 37. Rh1 Kg6 38. c4 Ra8 39. Rc1 Kg7 40. Be2 Kf8 41.
Ra1 Ke7 42. b5 axb5 43. cxb5 cxb5 44. Bxb5 Ne8 45. Be2 Nd6 46. Ra2 Ra7 47. Bd3
Ra8 48. Ra1 Rc8 49. Ra4 Kf6 50. Kd2 Rc5 51. a6 bxa6 52. Rxa6 Ke7 53. Ra7+ Kf6
54. Rd7 Ke6 55. Rd8 Rc8 56. Rxc8 Nxc8 57. Be2 1/2-1/2

[Event "69th ch-RUS 2016"]
[Site "Novosibirsk RUS"]
[Date "2016.10.18"]
[Round "3.2"]
[White "Tomashevsky, Evgeny"]
[Black "Svidler, Peter"]
[Result "1/2-1/2"]
[WhiteTitle "GM"]
[BlackTitle "GM"]
[WhiteElo "2724"]
[BlackElo "2745"]
[WhiteFideId "4147235"]
[BlackFideId "4102142"]
[EventDate "2016.10.16"]

1. Nf3 c5 2. c4 Nf6 3. Nc3 d5 4. cxd5 Nxd5 5. e3 e6 6. Bc4 Nc6 7. O-O Be7 8. d4
O-O 9. Bxd5 exd5 10. dxc5 Be6 11. b3 Bxc5 12. Bb2 Re8 13. Rc1 Bf8 14. Nd4 Nxd4
15. Qxd4 Qa5 16. Qd3 Rac8 17. Qb5 Qxb5 18. Nxb5 Rxc1 19. Rxc1 a6 20. Nd4 Rc8 21.
Rxc8 Bxc8 22. Kf1 f6 23. Ke2 Kf7 24. f3 h5 25. h4 Bc5 26. Bc3 Bxd4 27. Bxd4 Bd7
28. a4 g5 29. g3 gxh4 30. gxh4 Bh3 31. Kf2 Ke6 32. a5 Kf7 33. b4 Bd7 34. Ke2 Ke6
35. Kf2 Kf7 36. Ke2 Ke6 37. Kf2 Kf7 38. Ke2 1/2-1/2

[Event "69th ch-RUS 2016"]
[Site "Novosibirsk RUS"]
[Date "2016.10.18"]
[Round "3.3"]
[White "Riazantsev, Alexander"]
[Black "Vitiugov, Nikita"]
[Result "1/2-1/2"]
[WhiteTitle "GM"]
[BlackTitle "GM"]
[WhiteElo "2651"]
[BlackElo "2721"]
[WhiteFideId "4125029"]
[BlackFideId "4152956"]
[EventDate "2016.10.16"]

1. e4 c5 2. Nf3 e6 3. c3 d5 4. exd5 Qxd5 5. d4 Nf6 6. Be2 Be7 7. O-O O-O 8. c4
Qd8 9. Nc3 Nc6 10. dxc5 Bxc5 11. Bf4 Qe7 12. Ne5 Nxe5 13. Bxe5 Rd8 14. Qc2 b6
15. Bf3 Bb7 16. Bxb7 Qxb7 17. Bxf6 gxf6 18. Rad1 f5 19. Rxd8+ Rxd8 20. Rd1 Rxd1+
21. Qxd1 Qc7 22. g3 Qe5 23. Qd8+ Kg7 24. Qg5+ Kf8 25. Qd8+ Kg7 26. Qg5+ Kf8 27.
Qd8+ 1/2-1/2

[Event "69th ch-RUS 2016"]
[Site "Novosibirsk RUS"]
[Date "2016.10.18"]
[Round "3.4"]
[White "Kokarev, Dmitry"]
[Black "Oparin, Grigoriy"]
[Result "1/2-1/2"]
[WhiteTitle "GM"]
[BlackTitle "GM"]
[WhiteElo "2636"]
[BlackElo "2617"]
[WhiteFideId "4132181"]
[BlackFideId "24125890"]
[EventDate "2016.10.16"]

1. e4 c5 2. Nf3 d6 3. d4 cxd4 4. Nxd4 Nf6 5. f3 e5 6. Nb3 Be7 7. c4 a5 8. Be3 a4
9. Nc1 Qa5+ 10. Nc3 O-O 11. Qd2 Nc6 12. Rb1 Be6 13. b4 axb3 14. Nxb3 Qd8 15. Be2
h6 16. O-O Ne8 17. Qb2 Bg5 18. Bf2 h5 19. Rfd1 Qf6 20. c5 Bxb3 21. Qxb3 Nd4 22.
Qxb7 Nxe2+ 23. Nxe2 Rxa2 24. Nc3 Rxf2 25. Nd5 Be3 26. Nxe3 Re2 27. Nf5 dxc5 28.
Qb5 Ra2 29. Qc4 Ra5 30. Qc3 Ra2 31. Qc4 Ra5 32. Qc3 Ra2 1/2-1/2

[Event "69th ch-RUS 2016"]
[Site "Novosibirsk RUS"]
[Date "2016.10.18"]
[Round "3.5"]
[White "Goganov, Aleksey"]
[Black "Bocharov, Dmitry"]
[Result "1/2-1/2"]
[WhiteTitle "GM"]
[BlackTitle "GM"]
[WhiteElo "2635"]
[BlackElo "2611"]
[WhiteFideId "24109959"]
[BlackFideId "4138716"]
[EventDate "2016.10.16"]

1. Nf3 c5 2. c4 Nc6 3. d4 cxd4 4. Nxd4 Nf6 5. Nc3 e6 6. Bg5 Be7 7. e3 O-O 8. Be2
d5 9. cxd5 Nxd4 10. Qxd4 Nxd5 11. Bxe7 Nxe7 12. O-O-O Qxd4 13. Rxd4 e5 14. Rc4
Be6 15. Rc5 Rac8 16. Rxe5 Nd5 17. Kc2 Rfe8 18. Bf3 Nb4+ 19. Kb1 b6 20. Rd1 Nxa2
21. Nd5 Bxd5 22. Rxe8+ Rxe8 23. Rxd5 Nb4 24. Rd7 a6 25. Rd6 Rb8 26. e4 Kf8 27.
e5 b5 28. Be4 h6 29. Kc1 Rc8+ 30. Kd2 Rc4 31. Ke3 Nc2+ 32. Bxc2 Rxc2 33. Rxa6
Rxb2 34. Ra7 Rb3+ 35. Ke4 Rb4+ 36. Ke3 Rb3+ 37. Ke4 Rb4+ 38. Ke3 Rb3+ 39. Ke4
Rb4+ 40. Ke3 Rb3+ 1/2-1/2

[Event "69th ch-RUS 2016"]
[Site "Novosibirsk RUS"]
[Date "2016.10.18"]
[Round "3.6"]
[White "Grischuk, Alexander"]
[Black "Jakovenko, Dmitry"]
[Result "1/2-1/2"]
[WhiteTitle "GM"]
[BlackTitle "GM"]
[WhiteElo "2752"]
[BlackElo "2714"]
[WhiteFideId "4126025"]
[BlackFideId "4122356"]
[EventDate "2016.10.16"]

1. e4 e5 2. Nf3 Nc6 3. Bc4 Bc5 4. O-O Nf6 5. d3 O-O 6. h3 d6 7. c3 a6 8. Re1 h6
9. a4 Ba7 10. Nbd2 Re8 11. b4 Be6 12. Bxe6 Rxe6 13. Qc2 Nh5 14. Nf1 Qf6 15. N1h2
Ree8 16. Ng4 Qe6 17. Rb1 Nf6 18. Ne3 Ne7 19. c4 Bxe3 20. Bxe3 Ng6 21. d4 exd4
22. Bxd4 Nd7 23. Ba1 Nde5 24. Nd4 Qxc4 25. Qd2 f6 26. Nf5 Qf7 27. f4 Nc4 28. Qf2
Ne7 29. Nd4 d5 30. f5 dxe4 31. Rxe4 Nc6 32. Ne6 N6e5 33. Bxe5 Nxe5 34. Rd1 Re7
35. Red4 Rae8 36. b5 axb5 37. axb5 c6 38. b6 Rd7 39. Qg3 Rxd4 40. Rxd4 Kh7 41.
Kh2 1/2-1/2

[Event "69th ch-RUS 2016"]
[Site "Novosibirsk RUS"]
[Date "2016.10.19"]
[Round "4.1"]
[White "Inarkiev, Ernesto"]
[Black "Jakovenko, Dmitry"]
[Result "0-1"]
[WhiteTitle "GM"]
[BlackTitle "GM"]
[WhiteElo "2732"]
[BlackElo "2714"]
[WhiteFideId "4162722"]
[BlackFideId "4122356"]
[EventDate "2016.10.16"]

1. e4 e5 2. Nf3 Nc6 3. Bb5 Nf6 4. O-O Nxe4 5. d4 Nd6 6. Bxc6 dxc6 7. dxe5 Nf5 8.
Qxd8+ Kxd8 9. Nc3 Ke8 10. h3 h5 11. Ne2 Be7 12. Bg5 Be6 13. Nf4 Bd5 14. Nxd5
cxd5 15. Rad1 c6 16. Rd3 h4 17. Rfd1 Bxg5 18. Nxg5 Ke7 19. c4 d4 20. c5 Rhd8 21.
Nf3 Rd5 22. Nxd4 Nxd4 23. Rxd4 Ke6 24. Rxd5 cxd5 25. Rd4 Rc8 26. b4 Kxe5 27.
Rxh4 d4 28. Kf1 Kd5 29. Rg4 Kc4 30. Rxg7 Kc3 31. Rxf7 Rd8 32. Ke1 Kc2 33. Rf4
Re8+ 34. Kf1 d3 35. Rc4+ Kb2 36. g4 d2 37. Rd4 Kc3 38. Rxd2 Kxd2 39. Kg2 Kc3 40.
a3 Kb3 41. h4 Kxa3 42. h5 Kxb4 43. Kg3 a5 0-1

[Event "69th ch-RUS 2016"]
[Site "Novosibirsk RUS"]
[Date "2016.10.19"]
[Round "4.2"]
[White "Bocharov, Dmitry"]
[Black "Grischuk, Alexander"]
[Result "1/2-1/2"]
[WhiteTitle "GM"]
[BlackTitle "GM"]
[WhiteElo "2611"]
[BlackElo "2752"]
[WhiteFideId "4138716"]
[BlackFideId "4126025"]
[EventDate "2016.10.16"]

1. Nf3 c5 2. c4 Nc6 3. d4 cxd4 4. Nxd4 Nf6 5. Nc3 e6 6. Bg5 Be7 7. e3 Qa5 8. Bh4
Bb4 9. Rc1 Ne4 10. Qc2 Nxd4 11. exd4 Bxc3+ 12. bxc3 Nd6 13. d5 Qc5 14. Bd3 Nxc4
15. Qe2 b5 16. Be4 f5 17. Bxf5 Bb7 18. Bxe6 dxe6 19. Qxe6+ Kf8 20. Qf5+ Kg8 21.
Qe6+ Kf8 22. Qf5+ Kg8 23. Qe6+ Kf8 1/2-1/2

[Event "69th ch-RUS 2016"]
[Site "Novosibirsk RUS"]
[Date "2016.10.19"]
[Round "4.3"]
[White "Oparin, Grigoriy"]
[Black "Goganov, Aleksey"]
[Result "1-0"]
[WhiteTitle "GM"]
[BlackTitle "GM"]
[WhiteElo "2617"]
[BlackElo "2635"]
[WhiteFideId "24125890"]
[BlackFideId "24109959"]
[EventDate "2016.10.16"]

1. Nf3 Nf6 2. g3 b6 3. Bg2 Bb7 4. O-O e6 5. c4 Be7 6. b3 O-O 7. Bb2 c5 8. e3 d5
9. Nc3 dxc4 10. bxc4 Nbd7 11. Qe2 Qc7 12. Nh4 Ne8 13. f4 Bxh4 14. gxh4 Nd6 15.
e4 Rae8 16. d3 f6 17. Rf3 a6 18. a4 Nb8 19. Qe3 Nc6 20. Ne2 f5 21. Rg3 Re7 22.
Rc1 fxe4 23. dxe4 e5 24. Rg5 exf4 25. Nxf4 Nxc4 26. Rxc4 Qxf4 27. Qxf4 Rxf4 28.
h5 Nd8 29. a5 Rd7 30. Rc1 b5 31. Rgxc5 Bxe4 32. Bh3 Rd3 33. Be5 Rf8 34. Rc7 Rf7
35. Bc8 Rd5 36. Rxf7 Kxf7 37. Rc7+ Ke8 38. Bxg7 Rg5+ 39. Kf2 Rg2+ 40. Ke3 Bc6
41. Bf6 Rxh2 42. Rxh7 1-0

[Event "69th ch-RUS 2016"]
[Site "Novosibirsk RUS"]
[Date "2016.10.19"]
[Round "4.4"]
[White "Vitiugov, Nikita"]
[Black "Kokarev, Dmitry"]
[Result "1/2-1/2"]
[WhiteTitle "GM"]
[BlackTitle "GM"]
[WhiteElo "2721"]
[BlackElo "2636"]
[WhiteFideId "4152956"]
[BlackFideId "4132181"]
[EventDate "2016.10.16"]

1. d4 Nf6 2. c4 g6 3. Nc3 d5 4. Nf3 Bg7 5. Bg5 Ne4 6. cxd5 Nxg5 7. Nxg5 e6 8.
Qd2 exd5 9. Qe3+ Kf8 10. Nf3 c6 11. h3 Qd6 12. Qd2 Bf5 13. e3 Nd7 14. Bd3 Bxd3
15. Qxd3 h5 16. O-O h4 17. e4 dxe4 18. Nxe4 Qd5 19. Qa3+ Kg8 20. Qe7 Qe6 21.
Qxe6 fxe6 22. Nd6 e5 23. Nxb7 exd4 24. Rfe1 Rh5 25. Nd6 Ne5 26. Nxe5 Rxe5 27.
Rxe5 Bxe5 28. Nc4 Bf6 29. Rd1 Rd8 30. Rd3 Kf7 31. Kf1 Ke6 32. Ke2 Kd5 33. Rf3
Kxc4 34. Rxf6 c5 35. Kd2 g5 36. Rg6 Rf8 37. f3 Rf5 38. Ra6 Rf7 39. Rg6 Rf5 40.
Ra6 Rf7 41. Rg6 1/2-1/2